| 000 | 00837nam a22002177a 4500 | ||
|---|---|---|---|
| 999 |
_c8333 _d8333 |
||
| 003 | AR-CdUCM | ||
| 008 | 190322b ||||| |||| 00| 0 spa d | ||
| 020 | _a84-206-2207-9 | ||
| 040 |
_aMUNICIPALIDAD PROVINCIAL DEL CUSCO _cBIBLIOTECA MUNICIPAL DEL CUSCO |
||
| 082 |
_a510.7 / _bP52 |
||
| 100 |
_aPiaget, J. _923390 |
||
| 245 | _aLas enseñanzas de las matemáticas modernas / | ||
| 260 |
_aMadrid : _bAlianza, _c1978, |
||
| 300 |
_a401 paginas ; _c20 cm. |
||
| 505 | _aContenido :Las matemáticas modernas -- La enseñanza de las matemáticas modernas -- La enseñanza de la geometría y las demás disciplinas -- Geometría -- La revolución en las matemáticas ... | ||
| 650 |
_aCiencias aplicadas _920077 |
||
| 650 |
_aMatemática especifica _923391 |
||
| 700 |
_aCoquet, G y otros _923392 |
||
| 942 |
_2ddc _cLIBROS |
||
| 945 | _arum | ||